| 000 | 01137cam a22003015a 4500 | ||
|---|---|---|---|
| 001 | 12925068 | ||
| 005 | 20151110122328.0 | ||
| 008 | 020910t2003 flua frb 001 0 eng d | ||
| 020 | _a082470861X (alk. paper) | ||
| 020 | _a9780824708610 | ||
| 040 |
_aDNLM/DLC _cDLC _dDLC _dEG-ScBUE _beng |
||
| 082 | 0 | 4 |
_a615.6 _222 _bTRA |
| 245 | 0 | 0 |
_aTransdermal drug delivery / _cedited by Richard H. Guy, Jonathan Hadgraft. |
| 250 | _a2nd ed., rev. and expanded. | ||
| 260 |
_aBoca Raton : _bCRC Press / Taylor & Francis Group, _cc.2003. |
||
| 300 |
_aviii, 383 p. : _bill. ; _c23 cm. |
||
| 490 | 0 |
_aDrugs and the pharmaceutical sciences ; _vv. 123 |
|
| 500 | _a"The first editon was published as Transdermal drug delivery: developmental issues and research initiatives"--T.p. verso. | ||
| 500 | _aIndex : p. 369-383. | ||
| 504 | _aIncludes bibliographical references. | ||
| 650 | 0 |
_aTransdermal medication. _2BUEsh |
|
| 650 | 0 |
_aSkin _xPhysiology. _2BUEsh |
|
| 653 |
_bPPhrm _cNovember2015 |
||
| 655 |
_vReading book _934232 |
||
| 700 | 1 |
_aGuy, Richard H., _d1954- _eeditor. |
|
| 700 | 1 |
_aHadgraft, Jonathan, _d1950- _eeditor. |
|
| 942 | _2ddc | ||
| 999 |
_c21027 _d20999 |
||